000 00542cam a22001935a 4500
001 L149521
008 100316e20100226xxk 000 0 eng d
035 _a(Sirsi) u149521
041 0 _aeng
100 1 _aMayer, Peter
245 0 0 _aWind turbines
260 _c2010
490 _aBuilding
_v(275) 26 February 2010, 71(1)
520 _aFactors determining the output, reliability and lifespan of wind turbines, and what can go wrong.
590 _aKA
651 4 _aEngland and Wales
_y1543-
690 _aBUILT ENVIRONMENT
942 _n0
999 _c82197
_d82197